| 000 | 01664cam a22004217a 4500 | ||
|---|---|---|---|
| 003 | CHAP | ||
| 005 | 20220329142824.0 | ||
| 008 | 040521s2001 mx a r 00010 spa d | ||
| 010 | _a88296 | ||
| 011 | _a89268 | ||
| 035 | _a99819 | ||
| 040 | _cCHAP | ||
| 090 | _aTesis | ||
| 100 | 0 | 0 |
_aSantos Chavez, Victor Manuel. _9102459 |
| 245 | 1 | 3 |
_aLa relación identidad-cultura política en la formación de la autonomía indígena : _bestudio de caso en una comunidad de Los Altos de Chiapas _c/por Victor Manuel Santos Chavez |
| 260 |
_aChapingo, Méx. : _bEl autor, _c2004. |
||
| 300 |
_a163 h. : _bilus. |
||
| 502 | _aTesis (Ing. Agr. Esp. en Sociología Rural) -- UACH. Departamento de Sociología Rural | ||
| 530 | _aTambién disponible en línea | ||
| 590 |
_aALEPH _b10 _c20130110 _lUCH01 _h1457 |
||
| 590 |
_aBATCH-UPD _b10 _c20130110 _lUCH01 _h0814 |
||
| 590 |
_aBATCH-UPD _b10 _c20130410 _lUCH01 _h0451 |
||
| 590 |
_aBATCH-UPD _b10 _c20130914 _lUCH01 _h0921 |
||
| 590 |
_aBATCH-UPD _b10 _c20140324 _lUCH01 _h1443 |
||
| 590 |
_aBATCH-UPD _b10 _c20141002 _lUCH01 _h0821 |
||
| 590 |
_aCONVERSION _b10 _c20130109 _lUCH01 _h1349 |
||
| 650 | 1 | 4 |
_aChiapas _xCondiciones sociales. _922227 |
| 650 | 1 | 4 |
_aChiapas _xCultura. _922229 |
| 650 | 1 | 4 |
_aIndios de Chiapas _xCondiciones sociales. _957594 |
| 650 | 1 | 4 |
_aMovimientos sociales _xChiapas. _979170 |
| 650 | 1 | 4 |
_aPolítica social _zChiapas. _990705 |
| 856 |
_3Finding aid _uhttp://10.13.5.2/tesis/99819.pdf _zTeclea aqui |
||
| 901 | _aBK | ||
| 905 | _aAlejandra Carrasco M. | ||
| 942 | _cFOLL | ||
| 949 |
_aTesis _bBC _cTES _d33724000922175 _eTS2 _fc.2 _h41803 _i99819 _sb |
||
| 949 |
_aTesis _bBC _cTES _d998191 _eTS1 _h41802 _i99819 _sb |
||
| 999 |
_c88296 _d88296 |
||